Uplatňovanie daňovej optimalizácie

Bibliographic Details
Main Author: Simonidesová, Jana, 1968- (Author)
Format: Article
Language:Slovak
ISBN:8022513083

MARC

LEADER 00000naa a2200000uu 4500
001 vtls010951876
003 SK-MaSNL
005 20260302123611.0
008 210906|2000 xo |||||||||||||||||slo|
015 |a SNBRA 
035 |a (urnnbn)urn:nbn:sk:snk:ar-a0bkdb 
035 |a (uuid)de185366-8c8a-4c3d-a71e-f5e99a9b2df2 
035 |a urn:nbn:sk:snk-aauceg 
040 |a SNKBUCL  |b slo  |c SNKBUCL  |e AACR2 
041 0 |a slo 
044 |a xo  |c SK 
100 1 |a Simonidesová, Jana,  |d 1968-  |4 aut  |9 217417 
245 1 0 |a Uplatňovanie daňovej optimalizácie  |c Jana Simonidesová 
773 0 |t Ekonomika firiem 2000  |d Bratislava : Ekonóm, 2000  |g S. 538-542  |z 8022513083 
958 |a OND 
958 |a article11 
958 |a chapter 
999 |c 1283792  |d 1285722